|
|
|
|
| LEADER |
01516nam a2200277 a 4500 |
| 001 |
2974155 |
| 008 |
100126s1990 bg b 100 0 eng d |
| 010 |
|
|
|a 91906947
|
| 040 |
|
|
|a DLC
|c DLC
|d DLC
|d BD-DhAAL
|
| 082 |
0 |
0 |
|a 305.42/095492
|2 20
|
| 245 |
0 |
0 |
|a Women and national planning in Bangladesh /
|c board of editors, Hamida A. Begum ... [et al.].
|
| 260 |
|
|
|a Dhaka, Bangladesh :
|b Women for Women,
|c 1990.
|
| 300 |
|
|
|a vii, 134 p. ;
|c 25 cm.
|
| 500 |
|
|
|a Proceedings and papers of a national convention organized by Women for Women, Bangladesh, and held in Oct. 1989.
|
| 504 |
|
|
|a Includes bibliographical references.
|
| 541 |
1 |
|
|e 00004460
|
| 650 |
|
0 |
|a Women in development
|z Bangladesh
|x Congresses.
|
| 650 |
|
0 |
|a Women
|x Government policy
|z Bangladesh
|x Congresses.
|
| 650 |
|
0 |
|a Women
|z Bangladesh
|x Economic conditions
|x Congresses.
|
| 700 |
1 |
|
|a Begum, Hamida A.
|
| 710 |
2 |
|
|a Women for Women (Organization : Bangladesh)
|
| 852 |
4 |
|
|a Ayesha Abed Library
|j General shelf
|
| 999 |
|
|
|c 7242
|d 7242
|
| 952 |
|
|
|0 0
|1 0
|2 ddc
|4 0
|6 305_420954920000000_WOM_1990
|7 0
|9 7550
|a BRACUL
|b BRACUL
|c GEN
|d 2010-01-28
|g 60.00
|l 0
|o 305.42095492 WOM
|p 3010004460
|r 2010-01-28
|t 1
|w 2010-01-28
|y BK
|
| 952 |
|
|
|0 0
|1 4
|2 ddc
|4 0
|6 305_420954920000000_WOM
|7 0
|9 7555
|a BRACUL
|b BRACUL
|c GEN
|d 2010-01-28
|g 50.00
|l 0
|o 305.42095492 WOM
|p 3010004834
|r 2010-01-28
|t 2
|w 2010-01-28
|y BK
|x Koha Inventory 2020
|
| 952 |
|
|
|0 0
|1 0
|2 ddc
|4 0
|6 305_420954920000000_WOM_1990
|7 0
|9 8958
|a BRACUL
|b BRACUL
|c GEN
|d 2010-04-04
|g 50.00
|l 0
|o 305.42095492 WOM
|p 3010005473
|r 2010-04-04
|t 3
|w 2010-04-04
|y BK
|